<?xml version="1.0" encoding="UTF-8"?>
<record
    xmlns:xsi="http://www.w3.org/2001/XMLSchema-instance"
    xsi:schemaLocation="http://www.loc.gov/MARC21/slim http://www.loc.gov/standards/marcxml/schema/MARC21slim.xsd"
    xmlns="http://www.loc.gov/MARC21/slim">

  <leader>00761nam a22001817a 4500</leader>
  <controlfield tag="003">UA-OsUOA</controlfield>
  <controlfield tag="001"> 12303 </controlfield>
  <controlfield tag="007">ta</controlfield>
  <controlfield tag="008">20050510b un ||||| |||| 00| 0 ukr d</controlfield>
  <datafield tag="100" ind1=" " ind2=" ">
    <subfield code="a">&#x426;&#x438;&#x43C;&#x431;&#x430;&#x43B;&#x44E;&#x43A; &#x404;.</subfield>
  </datafield>
  <datafield tag="942" ind1=" " ind2=" ">
    <subfield code="c">SA</subfield>
  </datafield>
  <datafield tag="040" ind1=" " ind2=" ">
    <subfield code="a">UA-OsUOA</subfield>
    <subfield code="c">UA-OsUOA</subfield>
    <subfield code="d">UA-OsUOA</subfield>
  </datafield>
  <datafield tag="245" ind1=" " ind2=" ">
    <subfield code="a">&#x42F;&#x43A; &#x41F;&#x443;&#x433;&#x430;&#x447;&#x456;&#x432;&#x43A;&#x430; &#x43F;&#x435;&#x440;&#x435;&#x439;&#x448;&#x43B;&#x430; &#x43D;&#x430; "&#x432;&#x43E;&#x454;&#x43D;&#x43D;&#x438;&#x439; &#x441;&#x442;&#x430;&#x43D;"</subfield>
    <subfield code="b">[&#x423; 1970 &#x440;. &#x443; &#x441;. &#x41F;&#x443;&#x433;&#x430;&#x447;&#x456;&#x432;&#x43A;&#x430; &#x41C;&#x43B;&#x438;&#x43D;&#x456;&#x432;. &#x440;-&#x43D;&#x443; &#x43F;&#x43E;&#x431;&#x443;&#x432;&#x430;&#x432; &#x437;&#x43D;&#x430;&#x43C;&#x435;&#x43D;&#x438;&#x442;&#x438;&#x439; &#x434;&#x438;&#x43A;&#x442;&#x43E;&#x440; &#x42E;&#x440;&#x456;&#x439; &#x41B;&#x435;&#x432;&#x456;&#x442;&#x430;&#x43D;, &#x44F;&#x43A;&#x438;&#x439; &#x432;&#x438;&#x441;&#x442;&#x443;&#x43F;&#x438;&#x432; &#x443; &#x441;&#x456;&#x43B;. &#x43A;&#x43B;&#x443;&#x431;&#x456; "&#x43E;&#x442; &#x441;&#x43E;&#x432;&#x435;&#x442;&#x441;&#x43A;&#x43E;&#x433;&#x43E; &#x418;&#x43D;&#x444;&#x43E;&#x440;&#x43C;&#x431;&#x44E;&#x440;&#x43E;"]</subfield>
  </datafield>
  <datafield tag="300" ind1=" " ind2=" ">
    <subfield code="a">&#x421;.13</subfield>
  </datafield>
  <datafield tag="955" ind1=" " ind2=" ">
    <subfield code="a">0</subfield>
  </datafield>
  <datafield tag="773" ind1="0" ind2=" ">
    <subfield code="w">0</subfield>
    <subfield code="t">&#x412;&#x456;&#x43B;&#x44C;&#x43D;&#x435; &#x441;&#x43B;&#x43E;&#x432;&#x43E;</subfield>
    <subfield code="d">&#x420;&#x456;&#x432;&#x43D;&#x435;</subfield>
    <subfield code="d">2005</subfield>
    <subfield code="g">&#x2116;35/5 &#x442;&#x440;&#x430;&#x432;./</subfield>
  </datafield>
  <datafield tag="650" ind1=" " ind2="7">
    <subfield code="a">&#x41B;&#x435;&#x432;&#x456;&#x442;&#x430;&#x43D; &#x42E;.</subfield>
    <subfield code="2">UDC</subfield>
  </datafield>
  <datafield tag="999" ind1=" " ind2=" ">
    <subfield code="c">298464</subfield>
    <subfield code="d">298464</subfield>
  </datafield>
</record>
